[Event "SVK-chT4 A21 1920"]
[Site "Slovakia"]
[Date "2019.10.27"]
[Round "2.2"]
[White "Cerovsky, Marian"]
[Black "Piestansky, Jan"]
[Result "1-0"]
[WhiteElo "1780"]
[BlackElo "1623"]
[PlyCount "93"]
[EventDate "2019.10.13"]
[EventType "team-tourn"]
[EventRounds "11"]
[EventCountry "SVK"]
[SourceTitle "CBM 193 Extra"]
[Source "ChessBase"]
[SourceDate "2020.01.31"]
[SourceVersion "1"]
[SourceVersionDate "2020.01.31"]
[SourceQuality "1"]
[WhiteTeam "Kopcany"]
[BlackTeam "Chtelnica Kamenar"]
[WhiteTeamCountry "SVK"]
[BlackTeamCountry "SVK"]

1. e4 e5 2. Nc3 d6 3. Nf3 Nf6 4. h3 Be7 5. Bc4 h6 6. d3 Nc6 7. a3 a6 8. Nd5 Nxd5 9. Bxd5 Bd7 10. c3 0-0 11. 0-0 Rb8 12. Nh2 Bg5 13. f4 exf4 14. Bxf4 Bxf4 15. Rxf4 Qg5 16. Qf3 Ne5 17. Qf1 Be6 18. Bxe6 fxe6 19. Rxf8+ Rxf8 20. Qe2 Qf4 21. d4 Ng6 22. Rf1 Qg5 23. Nf3 Nf4 24. Qc2 Qg3 25. h4 Nh3+ 26. Kh1 Nf4 27. Qf2 Qg6 28. e5 Nh5 29. Kh2 Qg4 30. Qe1 Rf4 31. Qf2 Rf8 32. Re1 Rf4 33. Re3 Rf5 34. Qe1 Nf4 35. Qg3 Qxg3+ 36. Kxg3 Ng6 37. exd6 cxd6 38. Rxe6 Rf6 39. Rxf6 gxf6 40. Kg4 Kg7 41. Nd2 Ne7 42. Nc4 d5 43. Nd6 b6 44. Nf5+ Nxf5 45. Kxf5 Kf7 46. b3 b5 47. a4 1-0

[Event "SVK-chT4 A21 1819"]
[Site "Slovakia"]
[Date "2019.02.03"]
[Round "8.1"]
[White "Diviak, Rudolf"]
[Black "Cerovsky, Marian"]
[Result "1/2-1/2"]
[WhiteElo "1758"]
[BlackElo "1805"]
[PlyCount "62"]
[EventDate "2018.10.14"]
[EventType "team-tourn"]
[EventRounds "11"]
[EventCountry "SVK"]
[SourceTitle "CBM 189 Extra"]
[Source "ChessBase"]
[SourceDate "2019.06.03"]
[SourceVersion "1"]
[SourceVersionDate "2019.06.03"]
[SourceQuality "1"]
[WhiteTeam "Senica CVC II"]
[BlackTeam "Kopcany"]
[WhiteTeamCountry "SVK"]
[BlackTeamCountry "SVK"]

1. e4 e5 2. Bc4 Bc5 3. Nf3 Nc6 4. c3 Nf6 5. d3 h6 6. Bb3 d6 7. 0-0 0-0 8. Nbd2 a5 9. Nc4 b5 10. Ne3 Ne7 11. Bd2 a4 12. Bc2 Nh7 13. d4 exd4 14. cxd4 Bb6 15. Bd3 c6 16. Qc2 Re8 17. Bb4 Nf8 18. Rfd1 Ba5 19. Bxa5 Qxa5 20. Rac1 Bb7 21. Qd2 Qxd2 22. Rxd2 Nd7 23. d5 Nc5 24. Bb1 Red8 25. e5 Nxd5 26. exd6 Nxe3 27. fxe3 Nd7 28. Be4 Ra6 29. Nd4 Ne5 30. Nxb5 cxb5 31. Bxb7 Raxd6 1/2-1/2

[Event "SVK-chT4 A21 1819"]
[Site "Slovakia"]
[Date "2019.01.20"]
[Round "7.1"]
[White "Cerovsky, Marian"]
[Black "Husek, Lubomir"]
[Result "0-1"]
[WhiteElo "1805"]
[BlackElo "1875"]
[PlyCount "104"]
[EventDate "2018.10.14"]
[EventType "team-tourn"]
[EventRounds "11"]
[EventCountry "SVK"]
[SourceTitle "CBM 189 Extra"]
[Source "ChessBase"]
[SourceDate "2019.06.03"]
[SourceVersion "1"]
[SourceVersionDate "2019.06.03"]
[SourceQuality "1"]
[WhiteTeam "Kopcany"]
[BlackTeam "Holic II"]
[WhiteTeamCountry "SVK"]
[BlackTeamCountry "SVK"]

1. e4 e5 2. Nc3 Nf6 3. Bc4 Be7 4. d3 0-0 5. Nf3 d6 6. h3 Nc6 7. a3 a6 8. 0-0 b5 9. Ba2 Be6 10. Bxe6 fxe6 11. Ne2 d5 12. Ng3 Qd7 13. Qe2 Bd6 14. c3 Rae8 15. b4 Qc8 16. a4 Nd7 17. axb5 axb5 18. Bd2 Nb6 19. Rfb1 Qb7 20. Ng5 h6 21. Nf3 Kh7 22. Nh2 Nd7 23. Nh5 Nf6 24. Nxf6+ Rxf6 25. Qh5 Ref8 26. Rf1 d4 27. Rab1 Qb6 28. Qe2 Ra8 29. Rb2 Ra4 30. Rfb1 Rf8 31. Nf3 Rfa8 32. Nh4 Ra1 33. Qg4 Rxb1+ 34. Rxb1 Ne7 35. Qxe6 Rf8 36. Nf3 Rf6 37. Qa2 Ng6 38. c4 bxc4 39. Qxc4 Qa7 40. Qc1 Qb8 41. Qc4 Qf8 42. Ra1 Rxf3 43. gxf3 Qxf3 44. Ra8 Nf8 45. Qc2 Qxh3 46. Be1 Ng6 47. Qc4 Bf8 48. Rxf8 Nxf8 49. Qf7 Ng6 50. Qf5 Qxd3 51. f3 Qe2 52. Bf2 d3 0-1

[Event "SVK-chT5 SE-SI 1617"]
[Site "Slovakia"]
[Date "2017.01.21"]
[Round "5.2"]
[White "Tomasovic, Roman"]
[Black "Cerovsky, Marian"]
[Result "1/2-1/2"]
[WhiteElo "1599"]
[BlackElo "1803"]
[PlyCount "70"]
[EventDate "2016.10.15"]
[EventType "team-tourn"]
[EventRounds "9"]
[EventCountry "SVK"]
[SourceTitle "EXT 2020"]
[Source "ChessBase"]
[SourceDate "2019.10.17"]
[SourceVersion "1"]
[SourceVersionDate "2019.10.17"]
[SourceQuality "1"]
[WhiteTeam "Stefanov II"]
[BlackTeam "Kopcany"]
[WhiteTeamCountry "SVK"]
[BlackTeamCountry "SVK"]

1. b3 e5 2. Bb2 Nc6 3. e3 Nf6 4. Bb5 d6 5. d4 exd4 6. Qxd4 Bd7 7. Qf4 Be7 8. Nd2 a6 9. Bxc6 Bxc6 10. Ngf3 h6 11. 0-0 Qd7 12. a4 Nh5 13. Qc4 b5 14. Qe2 bxa4 15. Nd4 Nf6 16. Nxc6 Qxc6 17. Rxa4 Qxc2 18. Bxf6 Bxf6 19. Rc4 Qf5 20. Rxc7 0-0 21. Rc6 Qd5 22. Rfc1 a5 23. e4 Qd4 24. Nc4 Be5 25. Rd1 Qc3 26. Qd3 Qxd3 27. Rxd3 Rfb8 28. g3 a4 29. bxa4 Rxa4 30. Kg2 Rbb4 31. Nd2 Ra2 32. Nc4 Raa4 33. Nxd6 Bxd6 34. Rcxd6 Rxe4 35. Rd2 Ra7 1/2-1/2

[Event "SVK-chT5 SE-SI 1617"]
[Site "Slovakia"]
[Date "2016.10.15"]
[Round "1.2"]
[White "Hyza, Richard"]
[Black "Cerovsky, Marian"]
[Result "0-1"]
[WhiteElo "1383"]
[BlackElo "1803"]
[PlyCount "52"]
[EventDate "2016.10.15"]
[EventType "team-tourn"]
[EventRounds "9"]
[EventCountry "SVK"]
[SourceTitle "EXT 2020"]
[Source "ChessBase"]
[SourceDate "2019.10.17"]
[SourceVersion "1"]
[SourceVersionDate "2019.10.17"]
[SourceQuality "1"]
[WhiteTeam "Gbely Nafta V"]
[BlackTeam "Kopcany"]
[WhiteTeamCountry "SVK"]
[BlackTeamCountry "SVK"]

1. e4 e5 2. Nf3 d6 3. Bc4 h6 4. Nc3 c6 5. d3 a5 6. a3 Bg4 7. h3 Bh5 8. Be3 Be7 9. Qe2 Nd7 10. 0-0-0 Ngf6 11. Kb1 b5 12. Ba2 b4 13. Na4 Qb8 14. b3 c5 15. Bd2 Nb6 16. Nxb6 Qxb6 17. Qe3 bxa3 18. Bc1 a4 19. Qd2 Nd7 20. g4 Bg6 21. Ne1 f6 22. c4 axb3 23. Bxb3 Qxb3+ 24. Ka1 Rb8 25. Bxa3 Qxa3+ 26. Qa2 Qc3+ 0-1

[Event "SVK-chT5 1516"]
[Site "Slovakia"]
[Date "2015.12.19"]
[Round "4.1"]
[White "Cerovsky, Marian"]
[Black "Ulehla, Jakub"]
[Result "1-0"]
[WhiteElo "1802"]
[BlackElo "1666"]
[PlyCount "103"]
[EventDate "2015.10.24"]
[EventType "team-tourn"]
[EventRounds "9"]
[EventCountry "SVK"]
[SourceTitle "CBM 170 Extra"]
[Source "ChessBase"]
[SourceDate "2016.02.25"]
[SourceVersion "1"]
[SourceVersionDate "2016.02.25"]
[SourceQuality "1"]
[WhiteTeam "Kopcany"]
[BlackTeam "Senica Intechess"]
[WhiteTeamCountry "SVK"]
[BlackTeamCountry "SVK"]

1. e4 e5 2. Nf3 Nc6 3. Bb5 a6 4. Ba4 Nf6 5. d3 d6 6. h3 Be7 7. a3 0-0 8. 0-0 b5 9. Bb3 Be6 10. Bxe6 fxe6 11. Nc3 d5 12. Nh2 Qe8 13. Ng4 Rd8 14. Nxf6+ Bxf6 15. Bd2 Qf7 16. Qg4 Be7 17. Bg5 Bxg5 18. Qxg5 Qd7 19. Rac1 Rf6 20. Ne2 Rdf8 21. Ng3 Qf7 22. Qd2 Nd4 23. Qe3 Nc6 24. c4 bxc4 25. dxc4 d4 26. Qd2 d3 27. Rc3 Nd4 28. Rxd3 Rg6 29. Qd1 Qf4 30. Re3 h5 31. Qxh5 Rff6 32. Kh1 c5 33. Ne2 Nxe2 34. Qxe2 Qg5 35. Rg3 Qh6 36. Rxg6 Qxg6 37. Rd1 Qf7 38. Rd8+ Kh7 39. Kg1 Rf4 40. Rc8 Qg6 41. f3 Rh4 42. Kh2 Qf6 43. Rxc5 Rh5 44. Qe3 Qe7 45. b4 Qd6 46. Qe2 Rg5 47. g3 Rg6 48. Ra5 Rf6 49. c5 Qf8 50. Kg2 Qd8 51. Rxa6 Rf7 52. Rd6 1-0

[Event "SVK-chT5 1516"]
[Site "Slovakia"]
[Date "2015.10.24"]
[Round "1.1"]
[White "Wallner, Juraj"]
[Black "Cerovsky, Marian"]
[Result "0-1"]
[WhiteElo "1535"]
[BlackElo "1802"]
[PlyCount "57"]
[EventDate "2015.10.24"]
[EventType "team-tourn"]
[EventRounds "9"]
[EventCountry "SVK"]
[SourceTitle "CBM 170 Extra"]
[Source "ChessBase"]
[SourceDate "2016.02.25"]
[SourceVersion "1"]
[SourceVersionDate "2016.02.25"]
[SourceQuality "1"]
[WhiteTeam "Stefanov II"]
[BlackTeam "Kopcany"]
[WhiteTeamCountry "SVK"]
[BlackTeamCountry "SVK"]

1. e4 d5 2. exd5 Qxd5 3. Nc3 Qd8 4. d4 c6 5. Nf3 Bg4 6. Be2 Nf6 7. h3 Bd7 8. Be3 e6 9. Qd2 Bb4 10. a3 Bxc3 11. Qxc3 Nd5 12. Qd3 Nxe3 13. fxe3 Qa5+ 14. c3 c5 15. 0-0 cxd4 16. exd4 Nc6 17. Qe3 h6 18. b4 Qc7 19. d5 Ne7 20. Ne5 Nxd5 21. Qd4 Qxc3 22. Qf2 Qxe5 23. Qxf7+ Kd8 24. Bg4 Re8 25. Rae1 Qd4+ 26. Kh1 Ne3 27. Rf4 Qd2 28. Re2 Qd1+ 29. Kh2 0-1

[Event "SVK-chT4A21 1314"]
[Site "Slovakia"]
[Date "2013.12.08"]
[Round "5.2"]
[White "Cerovsky, Marian"]
[Black "Palka, Miroslav"]
[Result "1/2-1/2"]
[WhiteElo "1832"]
[BlackElo "1924"]
[PlyCount "136"]
[EventDate "2013.10.06"]
[EventType "team-tourn"]
[EventRounds "11"]
[EventCountry "SVK"]
[SourceTitle "EXT 2022"]
[Source "ChessBase"]
[SourceDate "2021.10.06"]
[SourceVersion "1"]
[SourceVersionDate "2021.10.06"]
[SourceQuality "1"]
[WhiteTeam "Kopcany"]
[BlackTeam "Senica Dragon"]
[WhiteTeamCountry "SVK"]
[BlackTeamCountry "SVK"]

1. e4 c5 2. Nc3 g6 3. Bc4 Bg7 4. Qf3 e6 5. d3 Nc6 6. Be3 Nd4 7. Qd1 Ne7 8. a4 0-0 9. Nf3 Nec6 10. 0-0 b6 11. Bxd4 Nxd4 12. Nxd4 Bxd4 13. Rb1 Bb7 14. Ne2 Bg7 15. Ng3 d5 16. Ba2 Qd7 17. c3 Rfd8 18. f3 h5 19. Bb3 Qc7 20. Qc1 dxe4 21. dxe4 Rd7 22. Qg5 Qd8 23. Qxd8+ Raxd8 24. Rbd1 Rd2 25. Rxd2 Rxd2 26. Rf2 Rd7 27. f4 h4 28. Nf1 Bxe4 29. h3 Bc6 30. Nd2 Bh6 31. Nc4 Bg7 32. Nd2 a6 33. Kf1 b5 34. axb5 axb5 35. Ke1 b4 36. cxb4 cxb4 37. Nc4 Rd4 38. Ne5 Bxe5 39. fxe5 Re4+ 40. Kf1 Rxe5 41. Rc2 Bd5 42. Bxd5 Rxd5 43. Rc4 b3 44. Ke2 Rg5 45. Kf2 Rd5 46. Ke3 Rg5 47. Kf2 Rb5 48. Rxh4 Rc5 49. Re4 Rc2+ 50. Re2 Kg7 51. Ke3 Rxe2+ 52. Kxe2 Kf6 53. Kd3 Ke5 54. Kc4 f5 55. Kxb3 Kd4 56. Kc2 Kc4 57. Kd2 Kb3 58. Ke3 e5 59. g4 f4+ 60. Kf3 Kc4 61. h4 Kd3 62. h5 e4+ 63. Kxf4 gxh5 64. gxh5 e3 65. h6 e2 66. h7 e1Q 67. h8Q Qf2+ 68. Kg5 Qg2+ 1/2-1/2

[Event "SVK-chT4A21 1314"]
[Site "Slovakia"]
[Date "2013.11.03"]
[Round "3.2"]
[White "Cerovsky, Marian"]
[Black "Skapik, Branislav"]
[Result "0-1"]
[WhiteElo "1832"]
[BlackElo "1841"]
[PlyCount "66"]
[EventDate "2013.10.06"]
[EventType "team-tourn"]
[EventRounds "11"]
[EventCountry "SVK"]
[SourceTitle "EXT 2022"]
[Source "ChessBase"]
[SourceDate "2021.10.06"]
[SourceVersion "1"]
[SourceVersionDate "2021.10.06"]
[SourceQuality "1"]
[WhiteTeam "Kopcany"]
[BlackTeam "Brezova"]
[WhiteTeamCountry "SVK"]
[BlackTeamCountry "SVK"]

1. e4 d5 2. exd5 Nf6 3. c4 c6 4. dxc6 Nxc6 5. Nf3 e5 6. h3 Bc5 7. Nc3 Bf5 8. a3 Nd4 9. Nxd4 Qxd4 10. Qf3 Be4 11. Qe3 0-0 12. b4 Bb6 13. c5 Bc7 14. Qxd4 exd4 15. Nxe4 Nxe4 16. Bd3 f5 17. 0-0 Bf4 18. Ra2 Rad8 19. g3 Bc7 20. Kg2 Kh8 21. Rc2 Rf6 22. Re1 Rdf8 23. Bb2 Be5 24. f4 Rg6 25. fxe5 Rxg3+ 26. Kh2 Rxd3 27. Bc1 f4 28. Rxe4 f3 29. Re1 f2 30. Rf1 Rff3 31. Kg2 Rxh3 32. Rxf2 Rdg3+ 33. Kf1 Rh1+ 0-1